[Event "XX C.to Mondiale Seniores"]
[Site "Arco ITA"]
[Date "2010.11.01"]
[Round "6"]
[White "Karl, Hans"]
[Black "Pavlov, Mircea Sergiu"]
[WhiteElo "2211"]
[BlackElo "2362"]
[Result "0-1"]
[PlyCount "104"]
[EventDate "2010.10.26"]

1. d4 d5 2. c4 e6 3. Nc3 c6 4. Nf3 dxc4 5. a4 Bb4 6. Bd2 a5 7. e3 b5 8. axb5
Bxc3 9. Bxc3 cxb5 10. b3 Bb7 11. bxc4 b4 12. Bb2 Nf6 13. Bd3 O-O 14. O-O Nbd7
15. Qc2 Qc7 16. e4 e5 17. d5 Rfe8 18. c5 Qxc5 19. Qxc5 Nxc5 20. Bb5 Nfd7 21.
Rfc1 f6 22. Rxc5 Nxc5 23. Bxe8 Rxe8 24. Rxa5 Nxe4 25. Rb5 Nd6 26. Rxb4 Bxd5 27.
Nd2 Rc8 28. f4 Rc2 29. fxe5 fxe5 30. Bxe5 Rxd2 31. Bxd6 Rxg2+ 32. Kf1 Kf7 33.
Bg3 Rc2 34. Rd4 Ke6 35. Ke1 g5 36. Rd2 Rc4 37. Re2+ Be4 38. Kf2 Kf5 39. h3 h5
40. Rb2 h4 41. Rb5+ Kg6 42. Be5 Rc2+ 43. Ke3 Bc6 44. Rb3 Kf5 45. Bd6 Bd7 46.
Ra3 Kg6 47. Ke4 Rc1 48. Be5 Bf5+ 49. Kd4 Rd1+ 50. Kc5 Rh1 51. Ra6+ Kh5 52. Bg7
Rxh3 0-1

[Event "XX C.to Mondiale Seniores"]
[Site "Arco ITA"]
[Date "2010.11.01"]
[Round "6"]
[White "Keze, Arnis"]
[Black "Zilahi, Gabor"]
[WhiteElo "1754"]
[BlackElo "1946"]
[Result "0-1"]
[PlyCount "90"]
[EventDate "2010.10.26"]

1. d4 c6 2. c4 d5 3. Nc3 Nf6 4. Nf3 e6 5. Bg5 Be7 6. e3 Nbd7 7. cxd5 exd5 8.
Bd3 Ne4 9. Bxe4 Bxg5 10. Bc2 Be7 11. Rc1 Nf6 12. Ne5 O-O 13. g4 g6 14. h4 Bd6
15. f3 Qe7 16. f4 Bxe5 17. dxe5 Nxg4 18. Qf3 f6 19. h5 fxe5 20. hxg6 h6 21. f5
Qg5 22. Rg1 Qxe3+ 23. Qxe3 Nxe3 24. g7 Nxc2+ 25. Rxc2 Rxf5 26. Rcg2 Rf6 27. Rg6
Rxg6 28. Rxg6 Bf5 29. Rf6 Bg4 30. Rxh6 Kxg7 31. Rd6 Rf8 32. Nb1 Rf6 33. Rd8 Rh6
34. Nc3 Rh2 35. b3 Rc2 36. Na4 e4 37. Rb8 b5 38. Rb7+ Kf6 39. Rxa7 bxa4 40.
Rxa4 Kg5 41. Rd4 e3 42. Kf1 e2+ 43. Kf2 Rc1 44. Rxg4+ Kxg4 45. Kxe2 Rc2+ 0-1

[Event "XX C.to Mondiale Seniores"]
[Site "Arco ITA"]
[Date "2010.11.01"]
[Round "6"]
[White "Klundt, Klaus"]
[Black "Keserovic, Milan"]
[WhiteElo "2355"]
[BlackElo "2194"]
[Result "1-0"]
[PlyCount "103"]
[EventDate "2010.10.26"]

1. e4 e5 2. Nf3 Nc6 3. Bb5 a6 4. Ba4 Nf6 5. O-O Be7 6. Re1 b5 7. Bb3 d6 8. c3
O-O 9. h3 Na5 10. Bc2 c5 11. d4 Qc7 12. Nbd2 cxd4 13. cxd4 Bb7 14. Nf1 Rac8 15.
Re2 d5 16. dxe5 Nxe4 17. Ng3 f5 18. exf6 Bxf6 19. Nxe4 dxe4 20. Bxe4 Rfd8 21.
Qe1 Bxe4 22. Rxe4 Nc4 23. Bg5 Nxb2 24. Bxf6 gxf6 25. Nd4 Qf7 26. Nf5 Kh8 27.
Re7 Qd5 28. g4 Qd1 29. Rxd1 Rxd1 30. Qxd1 Nxd1 31. Re6 a5 32. Rb6 Nc3 33. a3 h5
34. Rxf6 hxg4 35. hxg4 Rc4 36. f3 Nd5 37. Rd6 Nf4 38. Rb6 b4 39. axb4 Rxb4 40.
Ra6 Rb5 41. Kf2 Nd3+ 42. Kg3 Nc5 43. Ra7 a4 44. Kh4 Rb7 45. Ra5 Rc7 46. Kh5 Kg8
47. g5 Kf7 48. g6+ Kf6 49. g7 Rxg7 50. Nxg7 Nb3 51. Ne8+ Ke7 52. Ra8 1-0

[Event "XX C.to Mondiale Seniores"]
[Site "Arco ITA"]
[Date "2010.11.01"]
[Round "6"]
[White "Kunz, Konstantin"]
[Black "Finnlaugsson, Gunnar"]
[WhiteElo "2273"]
[BlackElo "2072"]
[Result "1-0"]
[PlyCount "71"]
[EventDate "2010.10.26"]

1. d4 Nf6 2. c3 d6 3. Bf4 g6 4. e3 Bg7 5. h3 O-O 6. Nf3 Nbd7 7. Be2 c6 8. O-O
Ne4 9. Nbd2 Nxd2 10. Nxd2 e5 11. Bh2 d5 12. Qb3 Re8 13. Rfe1 b6 14. Rad1 Bb7
15. dxe5 Nxe5 16. c4 Qe7 17. cxd5 cxd5 18. Nf3 Nd7 19. Nd4 Nc5 20. Qb4 Qf6 21.
Bf3 Rad8 22. Rd2 h6 23. Red1 Bf8 24. Qb5 Kg7 25. a3 Ba6 26. Qc6 Qe7 27. Nb5 Rc8
28. Nc7 Bb7 29. Nxe8+ Rxe8 30. Qc7 Ne4 31. Qxe7 Bxe7 32. Bxe4 dxe4 33. Rd7 Bc6
34. Rc7 Ba8 35. Be5+ Kf8 36. Rdd7 1-0

[Event "XX C.to Mondiale Seniores"]
[Site "Arco ITA"]
[Date "2010.11.01"]
[Round "6"]
[White "Lang, Ferdinand"]
[Black "Blasco, Domenico"]
[WhiteElo "2161"]
[BlackElo "1961"]
[Result "1-0"]
[PlyCount "81"]
[EventDate "2010.10.26"]

1. e4 g6 2. d4 Bg7 3. Nf3 d6 4. Nc3 a6 5. Be3 Nd7 6. Qd2 e6 7. Be2 b5 8. a3 Bb7
9. O-O h6 10. Rad1 Ne7 11. Ne1 d5 12. f3 Kf8 13. Nd3 Kg8 14. Nf4 Kh7 15. Qe1 c5
16. exd5 cxd4 17. dxe6 Nf5 18. Bf2 fxe6 19. Nxe6 Qe7 20. Nxd4 Ne3 21. Bxe3
Qxe3+ 22. Qf2 Qe7 23. Rfe1 Rhe8 24. Bxb5 Qc5 25. Ne6 Rxe6 26. Rxe6 axb5 27.
Rxd7 Qxf2+ 28. Kxf2 Bc8 29. Re8 Bxd7 30. Rxa8 Bf5 31. Ne4 Bxb2 32. Ke2 g5 33.
Kd2 Be5 34. h3 Bf4+ 35. Kc3 Be6 36. Nc5 Bc4 37. Nd3 Bd5 38. Ra7+ Kg6 39. Kd4
Bb8 40. Ra6+ Kh5 41. Kxd5 1-0

[Event "XX C.to Mondiale Seniores"]
[Site "Arco ITA"]
[Date "2010.11.01"]
[Round "6"]
[White "Lucena, Lincoln"]
[Black "Kaufman, Larry C."]
[WhiteElo "2129"]
[BlackElo "2413"]
[Result "1/2-1/2"]
[PlyCount "61"]
[EventDate "2010.10.26"]

1. c4 g6 2. Nc3 c5 3. g3 Bg7 4. Bg2 Nc6 5. Nf3 Nh6 6. d3 O-O 7. Bd2 Rb8 8. a3
a6 9. Rb1 b5 10. cxb5 axb5 11. b4 cxb4 12. axb4 Nf5 13. O-O d6 14. Qc1 Bd7 15.
e3 e6 16. Re1 Qe7 17. Ne4 Rfc8 18. Qd1 Nh6 19. Qb3 f5 20. Neg5 Ng4 21. h3 Nf6
22. Nd4 Nd8 23. e4 h6 24. Ngf3 fxe4 25. dxe4 Kh7 26. e5 Nd5 27. Qd3 Be8 28. h4
dxe5 29. Nxe5 Qd6 30. f4 Ne7 31. h5 1/2-1/2

[Event "XX C.to Mondiale Seniores"]
[Site "Arco ITA"]
[Date "2010.11.01"]
[Round "6"]
[White "Luebbers, Doris"]
[Black "Ovesen, Karsten"]
[WhiteElo "1607"]
[BlackElo "1879"]
[Result "1/2-1/2"]
[PlyCount "37"]
[EventDate "2010.10.26"]

1. d4 d5 2. Bf4 Nf6 3. h3 Bf5 4. e3 e6 5. Bd3 Bxd3 6. Qxd3 a6 7. Nf3 Bd6 8.
Bxd6 Qxd6 9. O-O Nbd7 10. Nbd2 O-O 11. c4 c5 12. Rfd1 Rac8 13. Rac1 Qb8 14.
cxd5 Nxd5 15. Nb3 cxd4 16. Qxd4 Rfd8 17. Rxc8 Rxc8 18. Qd3 h6 19. Qb1 1/2-1/2

[Event "XX C.to Mondiale Seniores"]
[Site "Arco ITA"]
[Date "2010.11.01"]
[Round "6"]
[White "Malmdin, Nils Ake"]
[Black "Zakharchenko, Arnold"]
[WhiteElo "2300"]
[BlackElo "2192"]
[Result "1/2-1/2"]
[PlyCount "68"]
[EventDate "2010.10.26"]

1. e4 c5 2. Nf3 Nc6 3. d4 cxd4 4. Nxd4 e5 5. Nb5 d6 6. N1c3 a6 7. Na3 b5 8. Nd5
Nge7 9. c4 Nd4 10. Bd3 Nxd5 11. cxd5 g6 12. O-O Bg7 13. Be3 O-O 14. Rc1 f5 15.
f3 Ra7 16. exf5 gxf5 17. Nc2 Raf7 18. Nb4 Qh4 19. f4 Bb7 20. Bxd4 exd4 21. g3
Qf6 22. a4 Qd8 23. Nc6 Qb6 24. Qb3 Re8 25. a5 Qc7 26. Ne5 Qe7 27. Nf3 h6 28.
Rfe1 Qd8 29. Nh4 Rxe1+ 30. Rxe1 Qxa5 31. Re8+ Rf8 32. Re7 Rf7 33. Re8+ Rf8 34.
Re7 Rf7 1/2-1/2

[Event "XX C.to Mondiale Seniores"]
[Site "Arco ITA"]
[Date "2010.11.01"]
[Round "6"]
[White "Morrow, Hans M."]
[Black "Muratoglu, Salih"]
[WhiteElo "1931"]
[BlackElo "2090"]
[Result "0-1"]
[PlyCount "97"]
[EventDate "2010.10.26"]

1. Nf3 Nf6 2. c4 g6 3. Nc3 Bg7 4. d4 d6 5. e4 O-O 6. h3 Nc6 7. d5 Ne5 8. Nxe5
dxe5 9. Be3 c6 10. Qc2 Qc7 11. Be2 Ne8 12. O-O f5 13. f3 f4 14. Bf2 g5 15. c5
h5 16. Rfe1 Rf6 17. dxc6 bxc6 18. b4 a6 19. a4 g4 20. fxg4 hxg4 21. hxg4 Rg6
22. b5 Bxg4 23. Bxg4 Rxg4 24. Qb3+ Kh7 25. Qe6 Rg6 26. Qf5 e6 27. Qh3+ Rh6 28.
Qd3 axb5 29. axb5 Rxa1 30. Rxa1 cxb5 31. Nxb5 Qf7 32. Qf3 Qb7 33. Nd6 Qb2 34.
Rd1 Nxd6 35. cxd6 Bf6 36. d7 Bd8 37. Qd3 Rg6 38. Qf3 Kg7 39. Be1 Kf7 40. Bc3
Qb6+ 41. Qf2 f3 42. Bd4 exd4 43. Qxf3+ Rf6 44. Qh5+ Kg7 45. Qe5 d3+ 46. Kh1 Qe3
47. Qb2 Kf7 48. g3 Qf3+ 49. Kg1 0-1

[Event "XX C.to Mondiale Seniores"]
[Site "Arco ITA"]
[Date "2010.11.01"]
[Round "6"]
[White "Nordby, Bernt"]
[Black "Busu, Corneliu"]
[WhiteElo "2145"]
[BlackElo "2305"]
[Result "1/2-1/2"]
[PlyCount "37"]
[EventDate "2010.10.26"]

1. d4 Nf6 2. Nf3 b6 3. c4 e6 4. e3 Bb7 5. Bd3 d5 6. O-O dxc4 7. Bxc4 a6 8. Nc3
Bb4 9. Bd2 O-O 10. Qe2 c5 11. dxc5 Bxc5 12. Rfd1 Nbd7 13. a3 b5 14. Ba2 Qb8 15.
Be1 Ne5 16. Nxe5 Qxe5 17. Rd3 Ne4 18. f3 Nxc3 19. Bxc3 1/2-1/2

[Event "XX C.to Mondiale Seniores"]
[Site "Arco ITA"]
[Date "2010.11.01"]
[Round "6"]
[White "Papa, Angelo"]
[Black "Waisberg, Arnold"]
[WhiteElo "1823"]
[BlackElo "2019"]
[Result "1/2-1/2"]
[PlyCount "49"]
[EventDate "2010.10.26"]

1. d4 d5 2. Nf3 Nf6 3. c4 dxc4 4. e3 Bg4 5. Bxc4 e6 6. O-O a6 7. h3 Bh5 8. Be2
Nc6 9. a3 Bd6 10. b4 O-O 11. Bb2 Qe7 12. Nbd2 Rad8 13. Rc1 Bg6 14. Qb3 Ra8 15.
Nc4 Ne4 16. Rfe1 Rfd8 17. Nxd6 Qxd6 18. Nh4 Nf6 19. Nxg6 hxg6 20. Bf3 Nd5 21.
e4 Nf4 22. d5 exd5 23. exd5 Ne5 24. Bxe5 Qxe5 25. Qc4 1/2-1/2

[Event "XX C.to Mondiale Seniores"]
[Site "Arco ITA"]
[Date "2010.11.01"]
[Round "6"]
[White "Pedrotti, Luciano"]
[Black "Trifoni, Giorgio"]
[WhiteElo "1833"]
[BlackElo "1691"]
[Result "1-0"]
[PlyCount "57"]
[EventDate "2010.10.26"]

1. e4 c5 2. Nf3 Nc6 3. c3 e6 4. d4 cxd4 5. Nxd4 Nf6 6. Nd2 a6 7. Be2 d5 8. Nxc6
bxc6 9. e5 Nd7 10. Nf3 Qc7 11. Bf4 g6 12. O-O c5 13. Re1 Bg7 14. Bg3 Nxe5 15.
Nxe5 O-O 16. Nxg6 Qb6 17. Nxf8 Kxf8 18. Qc2 f5 19. Bh5 c4 20. Be5 Ra7 21. Qa4
Bd7 22. Qa3+ Kg8 23. Bxg7 Kxg7 24. Qe7+ Kh6 25. Qh4 Kg7 26. Qg3+ Kh6 27. Bf7
Bc8 28. Qg8 Re7 29. Qf8+ 1-0

[Event "XX C.to Mondiale Seniores"]
[Site "Arco ITA"]
[Date "2010.11.01"]
[Round "6"]
[White "Plachetka, Jan"]
[Black "Pushkov, Nikolai"]
[WhiteElo "2345"]
[BlackElo "2466"]
[Result "1/2-1/2"]
[PlyCount "35"]
[EventDate "2010.10.26"]

1. d4 d5 2. c4 e6 3. Nc3 Nf6 4. Bg5 Nbd7 5. e3 h6 6. Bh4 Be7 7. Nf3 O-O 8. Rc1
a6 9. cxd5 exd5 10. Bd3 c6 11. O-O Re8 12. Qc2 Ne4 13. Bg3 Nxg3 14. hxg3 Bd6
15. Rfe1 Nf6 16. a3 Be6 17. Nd2 Qe7 18. Na4 1/2-1/2

[Event "XX C.to Mondiale Seniores"]
[Site "Arco ITA"]
[Date "2010.11.01"]
[Round "6"]
[White "Pritchett, Craig William"]
[Black "Farago, Ivan"]
[WhiteElo "2314"]
[BlackElo "2420"]
[Result "1-0"]
[PlyCount "145"]
[EventDate "2010.10.26"]

1. e4 e6 2. d4 d5 3. Nc3 Bb4 4. e5 c5 5. a3 Bxc3+ 6. bxc3 Qa5 7. Bd2 Qa4 8. Qb1
c4 9. Ne2 Nc6 10. Ng3 Bd7 11. Nh5 g6 12. Ng3 O-O-O 13. Be2 Qa5 14. Qc1 h6 15.
h4 Nge7 16. h5 Rdg8 17. a4 Nf5 18. Nxf5 exf5 19. hxg6 Rxg6 20. Kf1 Rhg8 21. Bh5
R6g7 22. Bf3 f4 23. Rxh6 Bg4 24. Ke2 Qb6 25. Bxf4 Bxf3+ 26. gxf3 Qa5 27. Qa3
Nd8 28. Rah1 Ne6 29. Be3 Qc7 30. Qb4 Rg6 31. Qb5 Qd7 32. Qa5 Kb8 33. Rh8 b6 34.
Rxg8+ Rxg8 35. Qb4 Kb7 36. a5 b5 37. Kd2 a6 38. Rh6 Rg6 39. Rh8 f5 40. exf6
Rxf6 41. Qb1 Rxf3 42. Qh1 Rf7 43. Rh5 Nc7 44. Rh6 Ka7 45. Qh2 Qe7 46. Qd6 Qxd6
47. Rxd6 Kb7 48. Ke2 Re7 49. f4 Re6 50. Rxe6 Nxe6 51. Kf3 Kc6 52. f5 Nd8 53.
Kf4 Kd6 54. Kg5 Nc6 55. f6 Ke6 56. Kg6 Nd8 57. Bc1 Nf7 58. Ba3 Nd8 59. Be7 Nf7
60. Kg7 Ng5 61. Kg8 Nf7 62. Kg7 Ng5 63. Kg8 Nf7 64. Kf8 Ng5 65. Ke8 Nf7 66. Bb4
Kxf6 67. Kd7 Nh6 68. Kc6 Ke6 69. Kb6 Kd7 70. Kxa6 Kc6 71. Ka7 Kc7 72. a6 Nf7
73. Ba5+ 1-0

[Event "XX C.to Mondiale Seniores"]
[Site "Arco ITA"]
[Date "2010.11.01"]
[Round "6"]
[White "Quagliarella, Sabino Remo"]
[Black "Diehl, Klaus"]
[WhiteElo "1937"]
[BlackElo "2103"]
[Result "0-1"]
[PlyCount "86"]
[EventDate "2010.10.26"]

1. d4 f5 2. Nf3 Nf6 3. e3 e6 4. Bd3 d5 5. Ne5 Nbd7 6. f4 c5 7. O-O b6 8. Bb5
Bb7 9. Bxd7+ Nxd7 10. Qh5+ g6 11. Nxg6 Nf6 12. Qh4 Rg8 13. Nxf8 Kxf8 14. Nc3
Kf7 15. Rf3 Rg4 16. Qf2 Rc8 17. Rg3 cxd4 18. exd4 Rc4 19. Bd2 Rxg3 20. Qxg3
Rxd4 21. Qf2 Rc4 22. b3 Rc8 23. Qd4 a6 24. Re1 b5 25. a3 Qd6 26. Bc1 Qc5 27.
Qxc5 Rxc5 28. Bb2 d4 29. Ne2 Rxc2 30. Bxd4 Be4 31. Bxf6 Kxf6 32. a4 Rb2 33.
axb5 axb5 34. h3 Rxb3 35. g4 Rxh3 36. g5+ Kg6 37. Kf2 Rf3+ 38. Kg1 b4 39. Rf1
Rxf1+ 40. Kxf1 Bd3 41. Ke1 Bxe2 42. Kxe2 h5 43. gxh6 Kxh6 0-1

[Event "XX C.to Mondiale Seniores"]
[Site "Arco ITA"]
[Date "2010.11.01"]
[Round "6"]
[White "Rajkovic, Dusan"]
[Black "Vaisser, Anatoly V."]
[WhiteElo "2443"]
[BlackElo "2507"]
[Result "0-1"]
[PlyCount "128"]
[EventDate "2010.10.26"]

1. d4 Nf6 2. c4 c5 3. d5 b5 4. cxb5 a6 5. b6 e6 6. Nc3 Nxd5 7. Nxd5 exd5 8.
Qxd5 Nc6 9. Nf3 Rb8 10. e4 Be7 11. Bc4 O-O 12. O-O Rxb6 13. Qh5 d6 14. b3 Be6
15. Bd5 Qc8 16. h3 Bf6 17. Rb1 Nb4 18. Bb2 Bxd5 19. exd5 Qd8 20. a3 Bxb2 21.
Rxb2 Nd3 22. Rbb1 Qf6 23. Nd2 Re8 24. Qg4 Rb7 25. Qc4 Qg6 26. b4 cxb4 27. Rb3
Ne5 28. Qxa6 Rbb8 29. Rxb4 Ra8 30. Qb5 h5 31. a4 Nd3 32. Rb3 Nf4 33. Rg3 Ne2+
34. Kh2 Nxg3 35. fxg3 Qc2 36. Rf2 Qxa4 37. Qd3 Ra7 38. Nf3 Qe4 39. Qb5 Qa4 40.
Qb6 Qa6 41. Qb1 Qa1 42. Qf5 g6 43. Qf4 Qa3 44. Rc2 Qb3 45. Rc6 Ra2 46. Rxd6 Qe3
47. Rd7 Qxf4 48. gxf4 Ree2 49. Nh4 Red2 50. Kg3 Ra3+ 51. Kh2 Kg7 52. Kg1 Ra1+
53. Kh2 Rad1 54. f5 Rxd5 55. Rxd5 Rxd5 56. fxg6 fxg6 57. Nf3 Rd3 58. Kg3 Kf6
59. Kf4 h4 60. Kg4 g5 61. Kh5 Ra3 62. Kh6 Ra8 63. Kh5 Rb8 64. Nh2 Kf5 0-1

[Event "XX C.to Mondiale Seniores"]
[Site "Arco ITA"]
[Date "2010.11.01"]
[Round "6"]
[White "Rasmussen, Lars-Bo"]
[Black "Standal, Bard"]
[WhiteElo "2090"]
[BlackElo "1914"]
[Result "1-0"]
[PlyCount "73"]
[EventDate "2010.10.26"]

1. b3 e6 2. Bb2 Nf6 3. f4 d5 4. Nf3 Be7 5. g3 O-O 6. Bg2 c5 7. e3 Nc6 8. d4 b6
9. O-O Bb7 10. Nbd2 Qc7 11. c3 Rad8 12. Qe2 Nb8 13. Rac1 c4 14. Rfe1 b5 15. h3
Ne4 16. Nxe4 dxe4 17. Nd2 f5 18. bxc4 bxc4 19. Qxc4 Qd6 20. Qb3 Ba6 21. c4 Nd7
22. c5 Qc6 23. a4 Rb8 24. Qa2 Nf6 25. g4 g6 26. g5 Nd5 27. Bc3 Rb7 28. Nc4 Bxc4
29. Qxc4 Rfb8 30. Bf1 Nxc3 31. Rxc3 Rb4 32. Qa2 Rxa4 33. Ra3 Rxa3 34. Qxa3 Qc7
35. Bc4 Qd7 36. Ra1 Rb7 37. Qa6 1-0

[Event "XX C.to Mondiale Seniores"]
[Site "Arco ITA"]
[Date "2010.11.01"]
[Round "6"]
[White "Rooze, Jan"]
[Black "Cao, Jorge"]
[WhiteElo "2288"]
[BlackElo "2144"]
[Result "1-0"]
[PlyCount "89"]
[EventDate "2010.10.26"]

1. e4 e6 2. d4 d5 3. Nd2 dxe4 4. Nxe4 Be7 5. Nf3 Nd7 6. Bd3 Ngf6 7. Qe2 Nxe4 8.
Bxe4 Nf6 9. Bxb7 Bxb7 10. Qb5+ Qd7 11. Qxb7 O-O 12. O-O Rfb8 13. Qa6 Qd5 14.
Qe2 Bd6 15. Re1 c5 16. c4 Qh5 17. dxc5 Bxc5 18. h3 Rb6 19. b3 a5 20. Be3 a4 21.
g4 Qxh3 22. Ng5 Qh4 23. Bxc5 Rba6 24. Ne4 Nxg4 25. f3 axb3 26. fxg4 Rxa2 27.
Bf2 Qh3 28. Rxa2 Rxa2 29. Qd1 h6 30. Re3 b2 31. Rxh3 Ra1 32. Rd3 b1=Q 33. Qxb1
Rxb1+ 34. Kg2 f5 35. gxf5 exf5 36. Nc3 Rb4 37. c5 Rc4 38. Nd5 Kf7 39. Nb6 Rc2
40. Kf3 g5 41. Bd4 Ke6 42. Re3+ Kf7 43. Rc3 Rh2 44. c6 g4+ 45. Kf4 1-0

[Event "XX C.to Mondiale Seniores"]
[Site "Arco ITA"]
[Date "2010.11.01"]
[Round "6"]
[White "Rucka, Alois"]
[Black "Sawadkuhi, Massoud Amir"]
[WhiteElo "1886"]
[BlackElo "2154"]
[Result "0-1"]
[PlyCount "80"]
[EventDate "2010.10.26"]

1. d4 Nf6 2. c4 c5 3. Nf3 cxd4 4. Nxd4 b6 5. Nc3 Bb7 6. f3 e6 7. e4 d6 8. Be2
Be7 9. O-O O-O 10. Be3 Nbd7 11. Qd2 a6 12. Rac1 Re8 13. Rfd1 Qc7 14. Qe1 Rac8
15. Qf2 Qb8 16. g4 h6 17. h4 Bf8 18. g5 hxg5 19. hxg5 Nh7 20. Qh4 Be7 21. Kf2
Ndf8 22. Rh1 Qc7 23. Rcg1 Qd8 24. Qh5 Rc5 25. Nxe6 fxe6 26. Bxc5 g6 27. Qg4
dxc5 28. Rd1 Qc7 29. f4 Bd8 30. Rh6 Qf7 31. Ke3 e5 32. Rd6 exf4+ 33. Kf2 Bxg5
34. Rxh7 Nxh7 35. Rd7 Bc8 36. Rxf7 Bxg4 37. Rxh7 Bxe2 38. Rb7 Bxc4 39. Rxb6 Kg7
40. b3 Bf6 0-1

[Event "XX C.to Mondiale Seniores"]
[Site "Arco ITA"]
[Date "2010.11.01"]
[Round "6"]
[White "Santos, Julio"]
[Black "Zunker, Reinhard"]
[WhiteElo "2057"]
[BlackElo "2198"]
[Result "1/2-1/2"]
[PlyCount "46"]
[EventDate "2010.10.26"]

1. e4 c5 2. Nf3 g6 3. d4 cxd4 4. Nxd4 Bg7 5. Be3 Nf6 6. Nc3 d6 7. Be2 a6 8. a4
Nc6 9. O-O h5 10. h3 Bd7 11. Nxc6 Bxc6 12. f3 d5 13. e5 Ng8 14. Bd4 e6 15. Qe1
Ne7 16. Qf2 Nf5 17. Bb6 Qg5 18. f4 Qg3 19. Bd3 Qxf2+ 20. Rxf2 Ng3 21. Re1 h4
22. b3 Bf8 23. Nd1 Rc8 1/2-1/2

[Event "XX C.to Mondiale Seniores"]
[Site "Arco ITA"]
[Date "2010.11.01"]
[Round "6"]
[White "Scarpellini, Felice"]
[Black "Perich, Stefano"]
[WhiteElo "1809"]
[BlackElo "1952"]
[Result "1/2-1/2"]
[PlyCount "39"]
[EventDate "2010.10.26"]

1. c4 e5 2. Nc3 Nc6 3. g3 g6 4. Bg2 Bg7 5. Nf3 d6 6. O-O Be6 7. d3 h6 8. Rb1
Qd7 9. Nd5 Nd8 10. e4 c6 11. Nc3 Ne7 12. b4 O-O 13. b5 f5 14. bxc6 bxc6 15. Bd2
f4 16. h4 Bg4 17. Ne2 Ne6 18. Nh2 Bxe2 19. Qxe2 Nd4 20. Qg4 1/2-1/2

[Event "XX C.to Mondiale Seniores"]
[Site "Arco ITA"]
[Date "2010.11.01"]
[Round "6"]
[White "Schowalter, Gerd"]
[Black "Nickl, Klaus"]
[WhiteElo "1994"]
[BlackElo "2145"]
[Result "0-1"]
[PlyCount "82"]
[EventDate "2010.10.26"]

1. e4 e5 2. Nf3 Nc6 3. Bc4 Nf6 4. d3 Be7 5. c3 O-O 6. O-O d6 7. h3 Na5 8. Bb3
Nxb3 9. axb3 c5 10. c4 Ne8 11. Nc3 Nc7 12. Qe2 Bd7 13. Be3 a6 14. Qd2 f5 15.
Bg5 f4 16. Bxe7 Qxe7 17. Nd5 Nxd5 18. exd5 Kh8 19. b4 cxb4 20. Qxb4 Bf5 21. Ra3
Rac8 22. Re1 Qd7 23. Ng5 Rf6 24. d4 exd4 25. Qd2 h6 26. Ne6 Bxe6 27. Rxe6 Rxe6
28. dxe6 Qxe6 29. Qxf4 Rxc4 30. Qf8+ Kh7 31. Rg3 Rc7 32. Qf3 d5 33. Qd3+ Qe4
34. Qb3 Rf7 35. Qd1 Re7 36. Qb3 b5 37. Qa3 Re6 38. Qf8 Rg6 39. Rxg6 Qxg6 40.
Qc8 d3 41. Qc3 Qe4 0-1

[Event "XX C.to Mondiale Seniores"]
[Site "Arco ITA"]
[Date "2010.11.01"]
[Round "6"]
[White "Schwertel, Johann"]
[Black "Roth, Peter"]
[WhiteElo "2027"]
[BlackElo "2260"]
[Result "1/2-1/2"]
[PlyCount "41"]
[EventDate "2010.10.26"]

1. d4 Nf6 2. Nf3 g6 3. c3 Bg7 4. Bf4 O-O 5. e3 d6 6. Nbd2 Nbd7 7. Bc4 e6 8. O-O
Qe7 9. Bg5 h6 10. Bh4 g5 11. Bg3 Nh5 12. Re1 d5 13. Bd3 Nxg3 14. hxg3 f5 15.
Nh2 Nf6 16. g4 fxg4 17. Nxg4 Nxg4 18. Qxg4 e5 19. Qg3 e4 20. Be2 Bf6 21. Bg4
1/2-1/2

[Event "XX C.to Mondiale Seniores"]
[Site "Arco ITA"]
[Date "2010.11.01"]
[Round "6"]
[White "Shvedchikov, Anatoli I."]
[Black "Simon Padros, Emili"]
[WhiteElo "2421"]
[BlackElo "2241"]
[Result "1-0"]
[PlyCount "53"]
[EventDate "2010.10.26"]

1. c4 e5 2. Nc3 d6 3. d4 exd4 4. Qxd4 Nf6 5. b3 Nc6 6. Qd2 g6 7. Bb2 Bg7 8. g3
O-O 9. Bg2 Re8 10. Nh3 Bf5 11. Nf4 Rb8 12. O-O Ne5 13. e4 Bg4 14. f3 Bd7 15.
Rfd1 Bc6 16. Nfd5 Bxd5 17. cxd5 h5 18. h3 Nh7 19. Rf1 g5 20. Nd1 h4 21. gxh4
gxh4 22. f4 Ng6 23. Bxg7 Kxg7 24. Ne3 Qf6 25. Rac1 Rbc8 26. Ng4 Qe7 27. f5 1-0

[Event "XX C.to Mondiale Seniores"]
[Site "Arco ITA"]
[Date "2010.11.01"]
[Round "6"]
[White "Stull, Norbert"]
[Black "Ponelis, Albert A."]
[WhiteElo "2110"]
[BlackElo "1947"]
[Result "1/2-1/2"]
[PlyCount "33"]
[EventDate "2010.10.26"]

1. Nf3 d5 2. d4 e6 3. c4 c5 4. cxd5 exd5 5. Nc3 Nc6 6. g3 Nf6 7. Bg2 Be7 8. O-O
O-O 9. Bg5 cxd4 10. Nxd4 h6 11. Be3 Re8 12. Rc1 Bf8 13. h3 Be6 14. Nxc6 bxc6
15. Na4 Qd7 16. Kh2 Bf5 17. Bc5 1/2-1/2

[Event "XX C.to Mondiale Seniores"]
[Site "Arco ITA"]
[Date "2010.11.01"]
[Round "6"]
[White "Suba, Mihai"]
[Black "Wahlbom, Magnus"]
[WhiteElo "2464"]
[BlackElo "2282"]
[Result "1-0"]
[PlyCount "111"]
[EventDate "2010.10.26"]

1. Nf3 Nf6 2. c4 c5 3. Nc3 Nc6 4. g3 b6 5. Bg2 Bb7 6. O-O g6 7. d4 Nxd4 8. Nxd4
Bxg2 9. Kxg2 cxd4 10. Qxd4 Bg7 11. Bg5 O-O 12. Rac1 d6 13. Qd2 Rc8 14. b3 Qd7
15. f3 Qb7 16. Rfd1 Rc7 17. Bxf6 Bxf6 18. Nd5 Rc6 19. Nxf6+ exf6 20. Qf4 Qe7
21. e4 Qe5 22. Qxe5 fxe5 23. Rd5 f5 24. exf5 Rxf5 25. Rcd1 Rf6 26. Kf2 Kf8 27.
Re1 Rc7 28. Re4 Rcf7 29. Rd3 Ke7 30. Ke2 Kf8 31. b4 Rc7 32. a4 a6 33. Rd5 Rb7
34. Re3 Kf7 35. Kd3 h5 36. h4 Rb8 37. Kc3 Rc8 38. Kb3 Kg7 39. a5 bxa5 40. Rxa5
Rcf8 41. Rxa6 Rxf3 42. Rxf3 Rxf3+ 43. Kc2 Rxg3 44. Rxd6 Rg4 45. Kc3 Rg3+ 46.
Kc2 Rg4 47. Kb3 Rg3+ 48. Ka4 g5 49. hxg5 e4 50. Re6 Re3 51. c5 Re1 52. c6 e3
53. Kb5 Kf7 54. Re5 e2 55. c7 Rc1 56. Kb6 1-0

[Event "XX C.to Mondiale Seniores"]
[Site "Arco ITA"]
[Date "2010.11.01"]
[Round "6"]
[White "Thonig, Manfred"]
[Black "Galas, Franco"]
[WhiteElo "1607"]
[BlackElo "1794"]
[Result "1/2-1/2"]
[PlyCount "104"]
[EventDate "2010.10.26"]

1. e4 d6 2. d4 e6 3. Nc3 g6 4. Nf3 Bg7 5. Bb5+ Bd7 6. Bd3 Ne7 7. Be3 a6 8. Qd2
O-O 9. O-O Nbc6 10. a3 f5 11. Bh6 fxe4 12. Bxe4 d5 13. Bd3 Nf5 14. Bxg7 Kxg7
15. Be2 Qf6 16. Rad1 Nh4 17. Nxh4 Qxh4 18. Qe3 Rf7 19. g3 Qe7 20. f4 Raf8 21.
b4 Na7 22. Qe5+ Qf6 23. Bg4 Nb5 24. Qxf6+ Rxf6 25. Nxd5 R6f7 26. Ne3 Nxa3 27.
c4 b5 28. c5 h5 29. Be2 Bc6 30. Ra1 Nc4 31. Nxc4 bxc4 32. Bxc4 Bb5 33. Bxb5
axb5 34. h4 Kf6 35. Kf2 Rd7 36. Ke3 Rfd8 37. Rad1 c6 38. Ke4 Ra7 39. Rf3 Ra4
40. Rb1 Rda8 41. Rfb3 Ra2 42. Re1 Rd8 43. Ree3 Rda8 44. Kf3 Ra1 45. Ke4 R8a2
46. Rf3 Ra6 47. Rfe3 R6a2 48. Kf3 Ra7 49. Rb2 R1a4 50. Ke4 Ra1 51. Kf3 R1a4 52.
Ke4 Ra1 1/2-1/2

[Event "XX C.to Mondiale Seniores"]
[Site "Arco ITA"]
[Date "2010.11.01"]
[Round "6"]
[White "Van Den Berg, Adrianus M.J."]
[Black "Sloth, Jorn"]
[WhiteElo "2202"]
[BlackElo "2302"]
[Result "1/2-1/2"]
[PlyCount "27"]
[EventDate "2010.10.26"]

1. e4 c5 2. Nf3 g6 3. d4 cxd4 4. Nxd4 Bg7 5. Nc3 Nc6 6. Be3 Nf6 7. f4 O-O 8. e5
Ne8 9. h4 d6 10. Nxc6 bxc6 11. h5 Qa5 12. hxg6 hxg6 13. exd6 Nxd6 14. Bd2
1/2-1/2

[Event "XX C.to Mondiale Seniores"]
[Site "Arco ITA"]
[Date "2010.11.01"]
[Round "6"]
[White "Vaselli, Luciano"]
[Black "Neri, Angelo"]
[WhiteElo "1732"]
[BlackElo "1900"]
[Result "0-1"]
[PlyCount "100"]
[EventDate "2010.10.26"]

1. d4 d5 2. c4 c6 3. Nc3 Nf6 4. Nf3 dxc4 5. a4 e6 6. Bg5 Qa5 7. Bxf6 gxf6 8. e4
Bb4 9. Rc1 b5 10. Be2 Bb7 11. O-O Bxc3 12. Rxc3 Qc7 13. b3 Qa5 14. Qc1 cxb3 15.
axb5 cxb5 16. Rxb3 a6 17. Rc3 Nd7 18. Rd1 Ke7 19. d5 exd5 20. exd5 Rhg8 21. Nd4
Rg6 22. Nf5+ Kf8 23. Nd6 Qb6 24. Nxb7 Qxb7 25. Rc7 Qb8 26. Rxd7 Qe5 27. Bf3 Re8
28. Kf1 Qxh2 29. g3 Qh3+ 30. Bg2 Qxd7 31. Qc6 Qxc6 32. dxc6 Rc8 33. Rd7 f5 34.
Bd5 Rf6 35. Rb7 Rfxc6 36. Bxc6 Rxc6 37. Ke2 Rd6 38. Ke3 Kg7 39. Kf4 Kf6 40. f3
h6 41. Rb8 Rc6 42. g4 Rc4+ 43. Kg3 fxg4 44. fxg4 Re4 45. Kh4 Re6 46. Kh5 Ke5
47. Rc8 Rb6 48. Rc5+ Kd4 49. Rf5 b4 50. Rxf7 b3 0-1